000 00475cam a22001097a 4500
008 180718b1974 xxu||||| |||| 00| 0 eng d
082 _aA81x54 In2/71/8/PT10A&B/BA
100 _aCensus of India 1971
245 _aJammu and Kashmir district census handbook, Baramula: town and village directory, village and townwise primary census abstract
260 _aSrinagar
_bThe Jammu and Kashmir Government
_c1974
440 _aCensus of India 1971. Series-8, Jammu & Kashmir. Part X-A & B
999 _c485095
_d485095